<?xml version="1.0" encoding="UTF-8"?><collection xmlns="info:lc/xmlns/marcxchange-v2"><record format="Unimarc" type="bibliographic"><leader>00883cam  2200289   450 </leader><controlfield tag="001">1918416</controlfield><controlfield tag="003">http://id.bnportugal.gov.pt/bib/porbase/1918416</controlfield><controlfield tag="005">20030510104300.0</controlfield><datafield ind1=" " ind2=" " tag="010"><subfield code="a">0-19-814071-1</subfield></datafield><datafield ind1=" " ind2=" " tag="035"><subfield code="3">61387</subfield></datafield><datafield ind1=" " ind2=" " tag="095"><subfield code="a">PTBN00385806</subfield></datafield><datafield ind1=" " ind2=" " tag="100"><subfield code="a">19910117d1990    k  y0pory0103    ba</subfield></datafield><datafield ind1="1" ind2=" " tag="101"><subfield code="a">lat</subfield><subfield code="a">grc</subfield></datafield><datafield ind1=" " ind2=" " tag="102"><subfield code="a">GB</subfield></datafield><datafield ind1="1" ind2=" " tag="200"><subfield code="a">Theogonia</subfield><subfield code="a">Opera et dies</subfield><subfield code="a">Scutum</subfield><subfield code="f">Hesiodi</subfield><subfield code="g">edidit Friedrich Solmsen, fragmenta selecta ediderunt R. Merkelbach et M. L. West</subfield></datafield><datafield ind1=" " ind2=" " tag="205"><subfield code="a">3rd ed</subfield></datafield><datafield ind1=" " ind2=" " tag="210"><subfield code="a">Oxford</subfield><subfield code="c">University Press</subfield><subfield code="d">1990</subfield></datafield><datafield ind1=" " ind2=" " tag="215"><subfield code="a">XXIX, 246 p</subfield></datafield><datafield ind1="2" ind2=" " tag="225"><subfield code="a">Scriptorum classicorum Bibliotheca Oxoniensis</subfield></datafield><datafield ind1="1" ind2=" " tag="517"><subfield code="a">Opera et dies</subfield></datafield><datafield ind1="1" ind2=" " tag="517"><subfield code="a">Scutum</subfield></datafield><datafield ind1=" " ind2=" " tag="675"><subfield code="a">875</subfield><subfield code="v">BN</subfield><subfield code="z">por</subfield><subfield code="3">288325</subfield></datafield><datafield ind1=" " ind2="0" tag="700"><subfield code="a">Hesíodo</subfield><subfield code="3">39012</subfield></datafield><datafield ind1=" " ind2="1" tag="702"><subfield code="a">Solmsen</subfield><subfield code="b">Friedrich</subfield><subfield code="4">340</subfield><subfield code="3">1453413</subfield></datafield><datafield ind1=" " ind2="1" tag="702"><subfield code="a">Merkelbach</subfield><subfield code="b">R.</subfield><subfield code="4">340</subfield><subfield code="3">1508015</subfield></datafield><datafield ind1=" " ind2="1" tag="702"><subfield code="a">West</subfield><subfield code="b">M. L.</subfield><subfield code="4">340</subfield><subfield code="3">1409655</subfield></datafield><datafield ind1=" " ind2="0" tag="801"><subfield code="a">PT</subfield><subfield code="b">BN</subfield><subfield code="g">RPC</subfield></datafield><datafield ind1=" " ind2=" " tag="977"><subfield code="1">LC-41-238</subfield><subfield code="2">coop</subfield><subfield code="4">UAVSD</subfield><subfield code="6">mq579499</subfield><subfield code="7">bc</subfield><subfield code="8">coop</subfield><subfield code="9">UAVSD</subfield><subfield code="b">59510</subfield><subfield code="k">0</subfield></datafield><datafield ind1=" " ind2=" " tag="998"><subfield code="a">UAV11-272</subfield></datafield></record></collection>